[Event "48th Biel Master Open"]
[Site "Biel SUI"]
[Date "2015.07.23"]
[Round "4.13"]
[White "Haussernot, Cecile"]
[Black "Svane, Rasmus"]
[Result "1-0"]
[WhiteTitle "WFM"]
[BlackTitle "IM"]
[WhiteElo "2004"]
[BlackElo "2531"]
[WhiteFideId "601632"]
[BlackFideId "4657101"]
[EventDate "2015.07.20"]

1. e4 c5 2. Nf3 e6 3. d4 cxd4 4. Nxd4 Nc6 5. Nc3 Qc7 6. f4 a6 7. Nxc6 Qxc6 8.
Bd3 b5 9. Qe2 Bb7 10. Bd2 Nf6 11. e5 Nd5 12. Ne4 Be7 13. O-O-O b4 14. Rhf1 O-O-O
15. Kb1 f5 16. exf6 gxf6 17. c4 Nc7 18. f5 e5 19. c5 a5 20. Be3 Kb8 21. g4 Nd5
22. Bb5 Qc7 23. Bg1 Nf4 24. Rxf4 exf4 25. Nd6 Bf8 26. Bd4 f3 27. Qe3 Bg7 28. g5
Rhf8 29. Qe7 Bh8 30. gxf6 Ka8 31. Nc4 Rfe8 32. Qxh7 f2 33. Nb6+ Kb8 34. Bxf2
Bxf6 35. Nxd7+ Rxd7 36. Rxd7 Be4+ 37. Ka1 Qc8 38. Qh6 Bd8 39. Bg3+ Ka8 40. Qd6
a4 41. Ba6 1-0

[Event "48th Biel Master Open"]
[Site "Biel SUI"]
[Date "2015.07.23"]
[Round "4.14"]
[White "Ulybin, Mikhail"]
[Black "Kukov, Velislav"]
[Result "1-0"]
[WhiteTitle "GM"]
[BlackTitle "IM"]
[WhiteElo "2520"]
[BlackElo "2367"]
[WhiteFideId "4101405"]
[BlackFideId "2906139"]
[EventDate "2015.07.20"]

1. d4 d6 2. Nf3 Bg4 3. c4 Bxf3 4. exf3 c6 5. Nc3 e6 6. d5 Nf6 7. dxe6 fxe6 8.
Qe2 e5 9. f4 Nbd7 10. g4 h6 11. g5 hxg5 12. fxg5 Nh5 13. Bh3 Qe7 14. Bg4 g6 15.
Be3 Nf4 16. Bxf4 exf4 17. Ne4 Ne5 18. O-O-O Rd8 19. Qd2 Nxg4 20. Qxf4 Qe6 21.
Qxg4 Qxg4 22. Nf6+ Kf7 23. Nxg4 Be7 24. f4 Rh4 25. Rhg1 Kg7 26. Rde1 Rd7 27. Kc2
Bd8 28. Re8 Kf7 29. Re2 Re7 30. Kd2 Rxe2+ 31. Kxe2 Bb6 32. Rg3 Bd4 33. b3 Ke6
34. Kd3 Bg7 35. h3 Kf5 36. Rf3 Rh8 37. Ne3+ Ke6 38. Ke4 Rh4 39. Kd3 Rh8 40. f5+
gxf5 41. Nxf5 Be5 42. h4 a6 43. a4 b6 44. Ke4 a5 45. Rf1 Bb2 46. Kf4 Be5+ 47.
Kg4 d5 48. cxd5+ cxd5 49. h5 d4 50. g6 d3 51. h6 Rd8 52. h7 d2 53. g7 Bxg7 54.
Nxg7+ Ke5 55. Kg5 Ke4 56. Nf5 Kd3 57. Rh1 Ke2 58. Nd4+ Ke3 59. Ne6 Rh8 60. Kg6
Ke2 61. Nf4+ Ke3 62. Nd5+ Ke2 63. Kg7 1-0

[Event "48th Biel Master Open"]
[Site "Biel SUI"]
[Date "2015.07.23"]
[Round "4.15"]
[White "Sayadyan, Edvard"]
[Black "Rambaldi, Francesco"]
[Result "1/2-1/2"]
[BlackTitle "IM"]
[WhiteElo "1974"]
[BlackElo "2513"]
[WhiteFideId "13304909"]
[BlackFideId "20657307"]
[EventDate "2015.07.20"]

1. e4 d6 2. d4 Nf6 3. Nc3 g6 4. f4 Bg7 5. Nf3 O-O 6. Bd3 Nc6 7. O-O e5 8. dxe5
dxe5 9. f5 Nb4 10. Bg5 Nxd3 11. Qxd3 Qxd3 12. cxd3 c6 13. Nd2 h6 14. Bh4 g5 15.
Bg3 Nh5 16. Nc4 Nxg3 17. hxg3 Bf6 18. g4 Rd8 19. Rf3 b6 20. Kf2 b5 21. Na5 Rd6
22. a4 a6 23. Rc1 h5 24. Kg3 h4+ 25. Kf2 Bd8 26. Nb3 Rb8 27. a5 c5 28. Nd5 Bb7
29. Rxc5 Bxd5 30. exd5 Be7 31. Ke2 Rbd8 32. Rc7 R8d7 33. Rc6 Rxc6 34. dxc6 Rc7
35. f6 Bb4 36. Rf5 Rxc6 37. Rxg5+ Kf8 38. Rh5 Kg8 39. Rg5+ Kf8 40. Rh5 Kg8 41.
Rg5+ Kh7 42. Rg7+ Kh6 43. g5+ Kh5 44. Kd1 Rd6 1/2-1/2

[Event "48th Biel Master Open"]
[Site "Biel SUI"]
[Date "2015.07.23"]
[Round "4.16"]
[White "Wirig, Anthony"]
[Black "Griffith, Kyron W"]
[Result "1-0"]
[WhiteTitle "GM"]
[BlackTitle "FM"]
[WhiteElo "2511"]
[BlackElo "2320"]
[WhiteFideId "615013"]
[BlackFideId "2046318"]
[EventDate "2015.07.20"]

1. e4 c5 2. c3 d5 3. exd5 Qxd5 4. d4 Nf6 5. Nf3 e6 6. Bd3 Be7 7. O-O O-O 8. Qe2
Nc6 9. dxc5 Qxc5 10. Bf4 b6 11. Nbd2 Bb7 12. Ne4 Nxe4 13. Bxe4 Bf6 14. Rfd1 Rfd8
15. h3 g6 16. a4 Rac8 17. Rxd8+ Rxd8 18. Qb5 Na5 19. Bxb7 Nxb7 20. Qa6 Na5 21.
Qxa7 Nc4 22. a5 e5 23. Bg5 Rd6 24. a6 Kg7 25. b4 Qb5 26. Qb7 Bxg5 27. Nxg5 Rd7
28. Qxd7 Qxd7 29. a7 Qe7 30. Ne4 1-0

[Event "48th Biel Master Open"]
[Site "Biel SUI"]
[Date "2015.07.23"]
[Round "4.17"]
[White "Bogner, Sebastian"]
[Black "Ostermeier, Thorsten"]
[Result "1-0"]
[WhiteTitle "GM"]
[WhiteElo "2544"]
[BlackElo "2009"]
[WhiteFideId "4692055"]
[BlackFideId "24647136"]
[EventDate "2015.07.20"]

1. d4 d5 2. c4 e6 3. Nc3 Nf6 4. cxd5 exd5 5. Bg5 Be7 6. e3 Nbd7 7. Bd3 h6 8. Bh4
c6 9. Qc2 Nh5 10. Bxe7 Qxe7 11. Nge2 O-O 12. O-O-O Nb6 13. Kb1 a5 14. h3 Nc4 15.
e4 Qb4 16. Bxc4 Qxc4 17. g4 Nf6 18. e5 Nh7 19. f4 b5 20. f5 a4 21. Rc1 b4 22.
Nd1 Ba6 23. Qxc4 Bxc4 24. Nf4 Ng5 25. Ne3 Bb5 26. Rhd1 Ne4 27. Nc2 a3 28. Nxb4
axb2 29. Kxb2 Ba4 30. Nxc6 Bxd1 31. Rxd1 Rxa2+ 32. Kxa2 Nc3+ 33. Kb3 Nxd1 34.
Nxd5 Nf2 35. Nde7+ Kh7 36. d5 Ra8 37. d6 Nd3 38. Kc4 1-0

[Event "48th Biel Master Open"]
[Site "Biel SUI"]
[Date "2015.07.23"]
[Round "4.18"]
[White "Cherniaev, Alexander"]
[Black "Haimovich, Tal"]
[Result "1/2-1/2"]
[WhiteTitle "GM"]
[BlackTitle "IM"]
[WhiteElo "2483"]
[BlackElo "2361"]
[WhiteFideId "4117301"]
[BlackFideId "2801698"]
[EventDate "2015.07.20"]

1. Nf3 Nf6 2. g3 b5 3. Bg2 Bb7 4. Na3 a6 5. c4 c6 6. O-O g6 7. b3 Bg7 8. Bb2 O-O
9. d3 d6 10. Nd2 Qb6 11. e4 e5 12. Nc2 Nbd7 13. Kh1 d5 14. Qe2 Rfe8 15. Rab1
Rad8 16. Ba1 dxe4 17. dxe4 b4 18. Nf3 Nc5 19. Nd2 Nd3 20. Ne1 Nxe1 21. Rbxe1 c5
22. Rg1 Qd6 23. Nf1 Qd3 24. f3 Bh6 25. Qf2 Qd6 26. Ne3 Qd2 27. Re2 Bxe3 28. Rxd2
Bxf2 29. Rxf2 Rd3 30. Re1 Nd7 31. Kg1 Nb8 32. Bb2 Nc6 33. Bc1 Rd6 34. Be3 1/2-1/2

[Event "48th Biel Master Open"]
[Site "Biel SUI"]
[Date "2015.07.23"]
[Round "4.19"]
[White "Andersen, Mads"]
[Black "Donchenko, Anatoly"]
[Result "1/2-1/2"]
[WhiteTitle "IM"]
[BlackTitle "IM"]
[WhiteElo "2467"]
[BlackElo "2326"]
[WhiteFideId "1413864"]
[BlackFideId "4106091"]
[EventDate "2015.07.20"]

1. g3 d5 2. Nf3 c6 3. Bg2 Bf5 4. c4 e6 5. b3 Nf6 6. O-O h6 7. Bb2 Be7 8. d3 O-O
9. Nbd2 a5 10. a3 Bh7 11. Rc1 Na6 12. Re1 Re8 13. Rc2 Nd7 14. Qb1 Rc8 15. Rec1
Bf8 16. Qa1 c5 17. cxd5 exd5 18. e4 b5 19. exd5 Nb6 20. Ne4 Qxd5 21. Rc3 Qd7 22.
Rd1 a4 23. Ned2 Bf5 24. d4 axb3 25. dxc5 Na4 26. Nxb3 Qa7 27. Nbd4 Nxc3 28. Bxc3
Qxc5 29. Bb4 Nxb4 30. axb4 Qd5 31. Nxf5 Qxf5 32. Nd4 Qe5 33. Nc6 Qxa1 34. Rxa1
Re6 35. Na7 Rce8 36. Nxb5 Re1+ 37. Rxe1 Rxe1+ 38. Bf1 Bxb4 39. Kg2 Rb1 40. Be2
Rb2 41. Kf1 g6 42. Nd4 Bc5 43. Nf3 Kg7 44. h4 Kf6 45. Nh2 h5 46. Nf3 Kf5 47. Nh2
Ba7 48. Nf3 f6 49. Nh2 g5 50. hxg5 fxg5 51. Bxh5 Rxf2+ 52. Kg1 Rb2+ 53. Kh1 Bb8
54. Nf1 Ke4 55. Kg1 Ba7+ 56. Kh1 Rb8 57. Kg2 Kf5 58. Nh2 Rb4 59. Kh3 Bb8 60.
Bg4+ Kf6 61. Bf3 Bd6 62. Ng4+ Kg6 63. Nh2 Rb3 64. Kg2 Kf5 65. Ng4 Bc5 66. Nh2
Rb1 67. Ng4 Rg1+ 68. Kh2 Ra1 69. Kg2 Ra2+ 70. Kh3 Bg1 71. Nh6+ Kg6 72. Ng4 Bd4
73. Be4+ Kh5 74. Bf3 Ra3 75. Ne5+ Kh6 76. Ng4+ Kg7 77. Kg2 Kf7 78. Bd5+ Ke7 79.
Bf3 Kd6 80. Nh2 Be5 81. Ng4 Rc3 82. Nh2 Kc5 83. Ng4 Kd4 84. Nh6 Bc7 85. Ng4 Bb8
86. Nf6 Rc2+ 87. Kh3 Ke3 88. Ba8 Rc4 89. Ng4+ Ke2 90. Nf6 Rc3 91. Ne4 Ra3 92.
Bb7 Bxg3 93. Nxg5 Bb8+ 94. Kg4 Ke3 95. Ne4 Ra5 96. Bc6 Bc7 97. Bb7 Kd4 98. Kf3
Ra3+ 99. Kg4 Ke5 100. Bc6 Bd8 101. Bb7 Ra7 102. Bc6 Rf7 103. Kg3 Ba5 104. Kg4
Rf4+ 105. Kg3 Be1+ 106. Kg2 Rf8 107. Bb7 Kf4 108. Kf1 Ba5 109. Ke2 Rb8 110. Bc6
Rb3 111. Ba8 Re3+ 112. Kf1 Bd8 113. Bb7 Rb3 114. Ba8 Rb2 115. Bc6 Bb6 116. Ba8
Ke3 117. Bc6 Rc2 118. Bb7 Ba5 119. Ba8 Rc8 120. Bb7 Rg8 121. Bc6 Bc7 122. Nc3
Bh2 123. Nd1+ Kf4 124. Ke2 Bg1 125. Bb7 Bd4 126. Kd3 Ke5 127. Ke2 Rb8 128. Bf3
Rb3 129. Ba8 Ra3 130. Bb7 Bb6 131. Bf3 Kd4 132. Bh5 Ra2+ 133. Kf3 Ke5 134. Kg3
Bd4 135. Bf3 Kf5 136. Bc6 Rd2 137. Ba4 Rd3+ 138. Kg2 Kf4 139. Kf1 Ra3 140. Bc6
Ra2 141. Bd5 Rh2 142. Bc6 Ke5 143. Bb7 Kd6 1/2-1/2

[Event "48th Biel Master Open"]
[Site "Biel SUI"]
[Date "2015.07.23"]
[Round "4.20"]
[White "Meins, Gerlef"]
[Black "Schaerer, Julian"]
[Result "1/2-1/2"]
[WhiteTitle "IM"]
[WhiteElo "2436"]
[BlackElo "2245"]
[WhiteFideId "4620895"]
[BlackFideId "1321048"]
[EventDate "2015.07.20"]

1. Nf3 d5 2. c4 c6 3. e3 Nf6 4. Nc3 g6 5. d4 Bg7 6. Be2 O-O 7. O-O b6 8. b3 Bb7
9. Ba3 Nbd7 10. Rc1 a6 11. Ne5 Nxe5 12. dxe5 Ne4 13. Nxe4 dxe4 14. e6 f5 15.
Qxd8 Rfxd8 16. Bxe7 Re8 17. Bd6 Rxe6 18. c5 b5 19. Rfd1 Rae8 20. g4 Rf6 21. gxf5
Rxf5 22. Bf4 Rf7 23. a4 Bf8 24. b4 Bc8 25. axb5 axb5 26. Ra1 Rd7 27. Bd6 Bg7 28.
Ra8 Rdd8 29. Bc7 Rxd1+ 30. Bxd1 Kf7 31. Bb3+ Kf6 32. Bd6 Bf8 33. Bf4 Kf5 34. Kg2
Bd7 35. Ra7 Be6 36. Bxe6+ Kxe6 37. Rxh7 Re7 38. Rh8 Rf7 39. Kg3 Kf5 40. h4 Bg7
41. Rc8 Rf6 42. Rc7 Bh8 43. Bd6 g5 44. Rh7 gxh4+ 45. Kxh4 Rg6 46. Rxh8 Rh6+ 47.
Rxh6 1/2-1/2

[Event "48th Biel Master Open"]
[Site "Biel SUI"]
[Date "2015.07.24"]
[Round "5.1"]
[White "Gharamian, Tigran"]
[Black "Sutovsky, Emil"]
[Result "1/2-1/2"]
[WhiteTitle "GM"]
[BlackTitle "GM"]
[WhiteElo "2649"]
[BlackElo "2619"]
[WhiteFideId "13301527"]
[BlackFideId "2802007"]
[EventDate "2015.07.20"]

1. d4 Nf6 2. c4 g6 3. Nc3 d5 4. cxd5 Nxd5 5. e4 Nxc3 6. bxc3 Bg7 7. Nf3 c5 8.
Rb1 O-O 9. Be2 b6 10. O-O Bb7 11. d5 Bxc3 12. h4 Nd7 13. h5 Bf6 14. Rb3 c4 15.
Bxc4 Rc8 1/2-1/2

[Event "48th Biel Master Open"]
[Site "Biel SUI"]
[Date "2015.07.24"]
[Round "5.2"]
[White "Bok, Benjamin"]
[Black "Fier, Alexandr"]
[Result "1/2-1/2"]
[WhiteTitle "GM"]
[BlackTitle "GM"]
[WhiteElo "2562"]
[BlackElo "2628"]
[WhiteFideId "1017063"]
[BlackFideId "2107139"]
[EventDate "2015.07.20"]

1. e4 c5 2. Nf3 Nc6 3. d4 cxd4 4. Nxd4 e5 5. Nb5 d6 6. c4 Be7 7. Be2 Nf6 8. N1c3
a6 9. Na3 Nd4 10. O-O Be6 11. Nc2 Nxe2+ 12. Qxe2 Rc8 13. Ne3 Qc7 14. b3 b5 1/2-1/2

[Event "48th Biel Master Open"]
[Site "Biel SUI"]
[Date "2015.07.24"]
[Round "5.3"]
[White "Adhiban, Baskaran"]
[Black "Erdos, Viktor"]
[Result "1/2-1/2"]
[WhiteTitle "GM"]
[BlackTitle "GM"]
[WhiteElo "2627"]
[BlackElo "2610"]
[WhiteFideId "5018471"]
[BlackFideId "719978"]
[EventDate "2015.07.20"]

1. e4 e5 2. Nc3 Nf6 3. g3 d5 4. exd5 Nxd5 5. Bg2 Ne7 6. Nf3 Nbc6 7. O-O g6 8. d4
exd4 9. Nb5 Bg7 10. Bf4 O-O 11. Nxc7 Rb8 12. Nb5 Ra8 13. c3 dxc3 14. bxc3 Be6
15. Nc7 Bc4 16. Nxa8 Bxf1 17. Bxf1 Qxa8 18. Qb3 Qc8 19. Rd1 Rd8 20. Ng5 Rxd1 21.
Qxd1 h6 22. Ne4 Qd8 23. Qb3 Qd5 24. Qb1 Ne5 25. Bxh6 Nf3+ 26. Kg2 Nh4+ 27. Kg1
Nf3+ 28. Kg2 Nh4+ 29. Kg1 1/2-1/2

[Event "48th Biel Master Open"]
[Site "Biel SUI"]
[Date "2015.07.24"]
[Round "5.5"]
[White "Ulybin, Mikhail"]
[Black "Ivanisevic, Ivan"]
[Result "1/2-1/2"]
[WhiteTitle "GM"]
[BlackTitle "GM"]
[WhiteElo "2520"]
[BlackElo "2662"]
[WhiteFideId "4101405"]
[BlackFideId "912417"]
[EventDate "2015.07.20"]

1. e4 c5 2. Nf3 e6 3. c3 d5 4. exd5 exd5 5. d4 Nc6 6. Bb5 Bd6 7. dxc5 Bxc5 8.
O-O Nf6 9. Bg5 Be6 10. Nd4 Rc8 11. Qf3 O-O 12. Bxf6 Qxf6 13. Qxf6 gxf6 14. Nxe6
fxe6 15. Nd2 Kf7 16. g3 Ne5 17. Kg2 d4 18. Be2 dxc3 19. bxc3 Rfd8 20. Rfd1 Ke7
21. f4 Nf7 22. Nc4 b5 23. Nd2 Bb6 24. Bxb5 Nd6 25. Bd3 Rxc3 26. Nf3 h6 27. Rac1
Rdc8 28. Rxc3 Rxc3 29. Nh4 Bd4 30. Ng6+ Kf7 31. Nh4 Bc5 32. Bb1 f5 33. Nf3 Nc4
34. Rd7+ Ke8 35. Rd3 Rc1 36. Rb3 Bb6 37. Bd3 Ne3+ 38. Kh3 Ng4 39. Bb1 Ke7 40.
Rb5 Rf1 41. Ne5 Nxe5 42. fxe5 Rf2 43. a4 Rd2 44. g4 f4 45. Be4 Ra2 46. Rb4 Bg1
47. g5 hxg5 48. Kg4 Be3 49. h3 Ra1 50. Rb7+ Kd8 51. Rb8+ Kc7 52. Rb7+ Kc8 53.
Re7 Rxa4 54. Bb7+ Kd8 55. Rxe6 Ra5 56. Bf3 Kd7 57. Kf5 Rc5 58. Rg6 a5 59. Rxg5
a4 60. Rg7+ Kc8 61. Rg8+ Kc7 62. Ra8 Bd4 63. Kxf4 Bxe5+ 64. Ke4 Bg3 65. Rxa4
Re5+ 66. Kd4 Rf5 67. Ke3 Kd6 68. Rg4 Be5 69. h4 Ke7 70. Be4 Rf1 71. h5 Re1+ 72.
Kf2 Ra1 73. h6 Ra2+ 74. Ke3 Rh2 75. h7 Rh3+ 76. Ke2 Bf6 77. Rg8 Rh2+ 78. Kf3
Rh3+ 79. Kg2 Rh4 80. Bf5 Rh5 81. Bg6 Rh6 82. Kf3 Ke6 83. Kf4 Rh4+ 84. Kg3 Rh6
85. Kf3 Rh3+ 86. Kg4 Rh4+ 87. Kg3 1/2-1/2

[Event "48th Biel Master Open"]
[Site "Biel SUI"]
[Date "2015.07.24"]
[Round "5.6"]
[White "Wirig, Anthony"]
[Black "Fridman, Daniel"]
[Result "1/2-1/2"]
[WhiteTitle "GM"]
[BlackTitle "GM"]
[WhiteElo "2511"]
[BlackElo "2639"]
[WhiteFideId "615013"]
[BlackFideId "11600454"]
[EventDate "2015.07.20"]

1. e4 e6 2. d4 d5 3. Nd2 dxe4 4. Nxe4 Nd7 5. Nf3 Ngf6 6. Bg5 h6 7. Nxf6+ Nxf6 8.
Be3 Bd6 9. Bd3 O-O 10. Qd2 Nd5 11. Bxh6 gxh6 12. Qxh6 f5 13. Qg6+ Kh8 14. Qh6+
Kg8 1/2-1/2

[Event "48th Biel Master Open"]
[Site "Biel SUI"]
[Date "2015.07.24"]
[Round "5.7"]
[White "Brkic, Ante"]
[Black "Wallace, John Paul"]
[Result "1/2-1/2"]
[WhiteTitle "GM"]
[BlackTitle "IM"]
[WhiteElo "2607"]
[BlackElo "2385"]
[WhiteFideId "14506688"]
[BlackFideId "3200957"]
[EventDate "2015.07.20"]

1. e4 c5 2. Nf3 e6 3. d4 cxd4 4. Nxd4 Nc6 5. Nc3 Qc7 6. Be3 a6 7. Be2 Nf6 8. O-O
Be7 9. f4 d6 10. Qe1 O-O 11. Kh1 Nxd4 12. Bxd4 b5 13. a3 Bb7 14. Qg3 Bc6 15.
Rae1 Qb7 16. Bf3 Rac8 17. e5 dxe5 18. fxe5 Nd7 19. Ne4 Bxe4 20. Bxe4 Qb8 21. b4
f5 22. Qb3 Rc4 23. Bd3 Rxd4 24. Qxe6+ Kh8 25. Qxe7 g6 26. e6 Nf6 27. h3 Ng8 28.
Qc5 Qd6 29. Re5 Ne7 30. Rfe1 Rc8 31. Qxd6 Rxd6 32. a4 bxa4 33. Ra5 Rcc6 34. Rxa4
Kg7 35. Rea1 Nd5 36. Bxa6 Rxc2 37. Bb7 Ne7 38. Ra6 Rd3 39. Bf3 Rb2 40. Rb6 Re3
41. b5 Kf6 42. Rb7 f4 43. h4 h5 44. Ra4 Nf5 45. Rxf4 Ke5 46. Re4+ Rxe4 47. Bxe4
Ng3+ 48. Kh2 Nxe4 49. e7 Nf6 50. e8=Q+ Nxe8 51. Re7+ Kf6 52. Rxe8 Rxb5 53. g3 1/2-1/2

[Event "48th Biel Master Open"]
[Site "Biel SUI"]
[Date "2015.07.24"]
[Round "5.8"]
[White "Haussernot, Cecile"]
[Black "Dragun, Kamil"]
[Result "0-1"]
[WhiteTitle "WFM"]
[BlackTitle "GM"]
[WhiteElo "2004"]
[BlackElo "2586"]
[WhiteFideId "601632"]
[BlackFideId "1134167"]
[EventDate "2015.07.20"]

1. e4 c5 2. Nf3 d6 3. d4 cxd4 4. Nxd4 Nf6 5. Nc3 g6 6. Be2 Bg7 7. Be3 Nc6 8. Qd2
Ng4 9. Bxg4 Bxg4 10. f3 Bd7 11. O-O-O Ne5 12. b3 Qa5 13. Kb1 Rc8 14. Nce2 Qxd2
15. Rxd2 b5 16. c3 O-O 17. g4 a5 18. h3 a4 19. Kb2 b4 20. Rf1 bxc3+ 21. Nxc3 a3+
22. Kc2 Rc7 23. Ne2 Bb5 24. Bd4 Rfc8 25. f4 Nxg4 26. Kb1 Ne3 27. Rg1 Ba6 28. e5
Bxe2 29. Nxe2 Nf5 30. Ba1 dxe5 31. fxe5 Bh6 32. Rd3 Rc2 33. Nc3 Rd2 34. Rd1
Rxd1+ 35. Rxd1 Ne3 36. Re1 e6 37. Rg1 Bf4 38. Ne4 Nd5 39. Rf1 g5 40. Bd4 Kg7 41.
Nd6 Ra8 42. Rg1 h5 43. Rg2 Kg6 44. Ne4 h4 45. Rg1 Ra6 46. Nc5 Rc6 47. Ne4 Rc7
48. Rf1 Ne3 49. Rg1 Nf5 50. Ba1 Ng3 51. Nd6 g4 52. Nb5 Rc8 53. Nd6 Rc6 0-1

[Event "48th Biel Master Open"]
[Site "Biel SUI"]
[Date "2015.07.24"]
[Round "5.9"]
[White "Bartel, Mateusz"]
[Black "Nezad, Husein Aziz"]
[Result "1-0"]
[WhiteTitle "GM"]
[BlackTitle "IM"]
[WhiteElo "2631"]
[BlackElo "2405"]
[WhiteFideId "1112635"]
[BlackFideId "12100293"]
[EventDate "2015.07.20"]

1. g3 d5 2. Bg2 c6 3. d3 Nf6 4. Nd2 e5 5. Ngf3 Qc7 6. O-O Bc5 7. e4 dxe4 8. dxe4
O-O 9. b3 Bg4 10. Bb2 Nbd7 11. h3 Bh5 12. Qe1 Rfe8 13. Nh4 Nf8 14. Ndf3 a5 15.
a4 N6d7 16. Qd2 f6 17. Rfd1 Rad8 18. Bf1 Ne6 19. Bc4 Nf8 20. Qe1 Kh8 21. Rxd8
Rxd8 22. Kg2 Nd4 23. Nxd4 Bxd4 24. Bc3 Bxc3 25. Qxc3 Qb6 26. Nf5 Qc5 27. Qe3
Qxe3 28. Nxe3 Rd4 29. c3 Rd2 30. b4 axb4 31. cxb4 Bg6 32. Nf5 Bxf5 33. exf5 Rd4
34. Rc1 g6 35. b5 cxb5 36. Bxb5 Rd6 37. Rc8 Kg8 38. a5 Rd1 39. Rc7 1-0

[Event "48th Biel Master Open"]
[Site "Biel SUI"]
[Date "2015.07.24"]
[Round "5.10"]
[White "Bogner, Sebastian"]
[Black "Solak, Dragan"]
[Result "0-1"]
[WhiteTitle "GM"]
[BlackTitle "GM"]
[WhiteElo "2544"]
[BlackElo "2622"]
[WhiteFideId "4692055"]
[BlackFideId "916811"]
[EventDate "2015.07.20"]

1. d4 d5 2. c4 c6 3. Nf3 Nf6 4. e3 Bf5 5. Nc3 e6 6. Nh4 Be4 7. f3 Bg6 8. Qb3 Qc7
9. Bd2 Be7 10. Nxg6 hxg6 11. O-O-O dxc4 12. Bxc4 a6 13. Kb1 b5 14. Be2 c5 15.
dxc5 Nbd7 16. g4 Nxc5 17. Qc2 Rc8 18. g5 Nfd7 19. f4 Qb7 20. Rhf1 Nb6 21. Bf3
Qb8 22. Rf2 Nc4 23. Bc1 O-O 24. Ne4 Qb6 25. Qe2 Rfd8 26. Rff1 Nxe4 27. Bxe4 Bc5
28. Bd3 Nxe3 29. Bxe3 Bxe3 30. h4 Qc5 31. a3 a5 32. Rde1 Qd4 33. Bxg6 Bd2 34.
Rd1 fxg6 35. Rf2 Qc4 36. Rxd2 Rxd2 37. Qxd2 Qe4+ 38. Ka2 b4 39. a4 Kh7 40. Qd1
Rb8 41. Qb3 Rc8 42. Rf1 Rc2 43. Rd1 Rf2 44. Qd3 Qxf4 45. Re1 Rf3 46. Qb5 Qd2 47.
Rh1 Qc2 0-1

[Event "48th Biel Master Open"]
[Site "Biel SUI"]
[Date "2015.07.24"]
[Round "5.11"]
[White "Rambaldi, Francesco"]
[Black "Yilmaz, Mustafa"]
[Result "1/2-1/2"]
[WhiteTitle "IM"]
[BlackTitle "GM"]
[WhiteElo "2513"]
[BlackElo "2582"]
[WhiteFideId "20657307"]
[BlackFideId "6302718"]
[EventDate "2015.07.20"]

1. c4 e5 2. g3 Bc5 3. Bg2 Nc6 4. Nc3 a6 5. a3 Ba7 6. b4 d6 7. d3 Nge7 8. Nf3 O-O
9. O-O Bg4 10. h3 Bh5 11. e3 f5 12. b5 axb5 13. cxb5 Na5 14. Qc2 Kh8 15. Bd2 Bf7
16. Rab1 Bb8 17. Rfc1 c5 18. bxc6 bxc6 19. Rb4 Ra7 20. e4 c5 21. Rb2 fxe4 22.
Nxe4 Nac6 23. a4 Bc7 24. Be3 Ra5 25. Rb5 Nd5 26. Nfd2 Ncb4 27. Qb1 Nxe3 28. Rxa5
Bxa5 29. fxe3 Ba2 30. Qa1 Be6 31. Qa3 Na6 32. Qb2 Nb4 33. Qa3 h6 34. Nc4 Bc7 35.
Nxe5 Bf5 36. Nf3 Bh7 37. Nf2 Nd5 38. d4 Bb6 39. Qb3 Nb4 40. Kh2 Bg8 41. Qb2 Qe8
42. a5 Ba7 43. Qd2 Qa4 44. dxc5 dxc5 45. Ne5 Qe8 46. Nfd3 Rf5 47. Ng4 Qd8 48.
Be4 Rg5 49. Qe2 Nxd3 50. Bxd3 Bb8 51. Rg1 Rd5 52. Nf2 c4 53. Be4 Rd2 54. Qf3
Qxa5 55. Kg2 c3 56. Rb1 Bd6 57. Rd1 c2 58. Bxc2 Rxd1 59. Bxd1 Bd5 60. e4 Bc6 61.
Bc2 Qe5 62. Bb3 Bc5 63. Bd5 Bb5 64. Qf7 Qe8 65. Qxe8+ Bxe8 66. Nd3 Bd4 67. Kf3
g5 68. Ne1 Bd7 69. Nc2 Be5 70. Kg2 Kg7 71. Ne3 Bd4 72. Nc2 Bc5 73. Ne1 Kf6 74.
Nf3 Bd6 75. h4 gxh4 76. Nxh4 Bg4 77. Nf5 1/2-1/2

[Event "48th Biel Master Open"]
[Site "Biel SUI"]
[Date "2015.07.24"]
[Round "5.12"]
[White "Derakhshani, Dorsa"]
[Black "Wagner, Dennis"]
[Result "0-1"]
[WhiteTitle "WIM"]
[BlackTitle "GM"]
[WhiteElo "2280"]
[BlackElo "2569"]
[WhiteFideId "12500330"]
[BlackFideId "24650684"]
[EventDate "2015.07.20"]

1. e4 e6 2. d4 d5 3. Nc3 Nf6 4. e5 Nfd7 5. f4 c5 6. Nf3 Nc6 7. Be3 Be7 8. Qd2
O-O 9. dxc5 Nxc5 10. O-O-O a6 11. Qe1 b5 12. Bxc5 Bxc5 13. Ne4 Be7 14. Qg3 Bd7
15. Neg5 h6 16. h4 Qa5 17. Bd3 Qxa2 18. Nh7 Bb4 19. Nd2 Rfc8 20. Nf6+ Kh8 21.
Nh5 g6 22. Bxg6 Nd4 23. Qe3 fxg6 24. Qxd4 Bxd2+ 25. Kxd2 gxh5 0-1

[Event "48th Biel Master Open"]
[Site "Biel SUI"]
[Date "2015.07.24"]
[Round "5.13"]
[White "Lampert, Jonas"]
[Black "Esen, Baris"]
[Result "1/2-1/2"]
[WhiteTitle "IM"]
[BlackTitle "GM"]
[WhiteElo "2448"]
[BlackElo "2567"]
[WhiteFideId "1303759"]
[BlackFideId "6302114"]
[EventDate "2015.07.20"]

1. d4 f5 2. c4 Nf6 3. Nc3 e6 4. Nf3 Bb4 5. Qb3 Qe7 6. a3 Bxc3+ 7. Qxc3 b6 8. g3
Bb7 9. Bg2 O-O 10. O-O d6 11. b4 Nbd7 12. Bb2 Ne4 13. Qd3 Ndf6 14. Ne1 Rae8 15.
f3 Ng5 16. Qd2 Nf7 17. Nd3 e5 18. dxe5 Nxe5 19. Nxe5 dxe5 20. Rad1 e4 21. Qg5
exf3 22. exf3 Qe3+ 23. Qxe3 Rxe3 24. Rfe1 Rxe1+ 25. Rxe1 Kf7 26. Rd1 Re8 27. Kf2
Bc8 28. Bf1 Be6 29. Be5 Rc8 30. c5 bxc5 31. bxc5 Nd7 32. Bf4 Rb8 33. Bxc7 Rb2+
34. Kg1 Nxc5 35. Be5 Rb3 36. Bd4 Na4 37. Rc1 Rb7 38. Ba6 Rd7 39. Be5 Nb6 40. Rc7
Rxc7 41. Bxc7 Bc4 42. Bxb6 Bxa6 43. Bxa7 Bb5 44. Kf2 Ke6 45. Ke3 Bc6 46. Kf4 h6
47. Bc5 g5+ 48. Ke3 g4 49. f4 Kd5 1/2-1/2

[Event "48th Biel Master Open"]
[Site "Biel SUI"]
[Date "2015.07.24"]
[Round "5.14"]
[White "Can, Emre"]
[Black "Sayadyan, Edvard"]
[Result "1/2-1/2"]
[WhiteTitle "GM"]
[WhiteElo "2547"]
[BlackElo "1974"]
[WhiteFideId "6302181"]
[BlackFideId "13304909"]
[EventDate "2015.07.20"]

1. e4 c5 2. Nc3 g6 3. d4 cxd4 4. Qxd4 Nf6 5. Nf3 Nc6 6. Qa4 d6 7. e5 dxe5 8.
Nxe5 Bd7 9. Nxd7 Nxd7 10. Bb5 Bg7 11. O-O O-O 12. Bg5 h6 13. Bh4 Nb6 14. Qa3 g5
15. Bg3 Nd4 16. Bd3 e5 17. f3 Re8 18. Ne2 Bf8 19. Qa5 Nxe2+ 20. Bxe2 Qd4+ 21.
Kh1 Qxb2 22. Bd3 Qb4 23. Qxb4 Bxb4 24. Rab1 Bc5 25. Be4 Re7 26. Rfd1 Rc8 27. Bf5
Rcc7 28. Rd8+ Kg7 29. Be1 Nc4 30. g4 b6 31. Bd3 Nd6 32. Kg2 Rc8 33. Rxc8 Nxc8
34. h4 f6 35. hxg5 hxg5 36. a4 Nd6 37. a5 Re8 38. axb6 axb6 39. Ra1 Re7 40. Bg3
e4 41. Bxd6 exf3+ 42. Kxf3 Bxd6 43. Rh1 Bc5 44. Rh7+ 1/2-1/2